| 000 | 00480nam a2200169Ia 4500 | ||
|---|---|---|---|
| 003 | GCL | ||
| 008 | 140319s9999 xx 000 0 ara d | ||
| 040 |
_aGCL / _cGCL |
||
| 082 | 0 | 4 |
_a819 _bا ا |
| 100 | 1 | _aاحمد محمد الحوفى | |
| 245 | 1 | 0 |
_aابوحيان التوحيدى / _cاحمد محمد الحوفى |
| 490 |
_aكتاب _v0 |
||
| 650 | 0 | 4 | _aالادب العربى |
| 650 | 0 | 4 | _aالادباء |
| 650 | 0 | 4 | _aابوحيان التوحيدى |
| 942 |
_2ddc _cBK |
||
| 999 |
_c43182 _d43182 |
||